[Event "Ch Russia (students)"]
[Site "masterchessopen.com - Novokuznetsk (Russia)"]
[Round "3"]
[White "Andreeva Nataliya (RUS)"]
[Black "Odinokov Nikolai (RUS)"]
[Result "1-0"]
[WhiteElo "2315"]
[BlackElo "2292"]

1.Nf3 g6 2.c4 Bg7 3.d4 f5 4.g3 Nf6 5.Bg2 O-O 6.O-O d6 7.Nc3 Nc6 8.d5 Na5 9.Qd3
c5 10.Ng5 Rb8 11.e4 Ng4 12.b3 Bd4 13.Be3 Nxe3 14.fxe3 Bf6 15.Ne6 Bxe6 16.dxe6
fxe4 17.Bxe4 Kg7 18.Rf4 Qc8 19.Bd5 Nc6 20.Raf1 Nd8 21.Qe4 Rg8 22.Rxf6 exf6
23.Qf4 f5 24.Qxd6 Nc6 25.e7 Rh8 26.Be6 Qe8 27.Nd5 {#r} 1-0

[Event "Ch World (juniors) (under 16) (g)"]
[Site "masterchessopen.com - Oropesa (Spain)"]
[Round "4"]
[White "Le Thi Phuong Lien (VIE)"]
[Black "Kadziolka Beata (POL)"]
[Result "1-0"]
[WhiteElo "2175"]
[BlackElo "2193"]

1.d4 f5 2.Nf3 g6 3.g3 Nf6 4.Bg2 Bg7 5.O-O O-O 6.c4 d6 7.Nc3 Nc6 8.d5 Na5 9.Nd2
c5 10.Qc2 e5 11.e3 Qe7 12.b3 Bd7 13.Bb2 Rae8 14.Rae1 g5 15.f3 h5 16.Rf2 g4
17.e4 f4 18.gxf4 exf4 19.Ne2 g3 20.hxg3 fxg3 21.Nxg3 h4 22.Ne2 h3 23.Bh1 Bh6
24.f4 Ng4 25.Qc3 Kh7 26.Rf3 Qh4 {#r} 1-0

[Event "Ch World (juniors) (under 18) (g)"]
[Site "masterchessopen.com - Oropesa (Spain)"]
[Round "10"]
[White "Srebrnic Ana (SLO)"]
[Black "Budylina Sofia (EST)"]
[Result "1-0"]
[WhiteElo "2172"]
[BlackElo "2072"]

1.d4 f5 2.Nf3 Nf6 3.g3 g6 4.Bg2 Bg7 5.O-O O-O 6.c4 d6 7.Nc3 Nc6 8.d5 Ne5
9.Nxe5 dxe5 10.Qb3 Kh8 11.Rd1 h6 12.Bd2 g5 13.Na4 f4 14.Nc5 Rg8 15.Bb4 Ng4
16.h3 fxg3 17.hxg4 gxf2+ 18.Kf1 Bxg4 19.Ne6 Bxe6 20.dxe6 Qe8 21.Rd7 Qh5 22.Qh3
Qxh3 23.Bxh3 h5 24.Bxe7 {#r} 1-0

[Event "It"]
[Site "masterchessopen.com - Palos (Spain)"]
[Round "2"]
[White "Franco Ocampos Zenon (PAR)"]
[Black "Gomez Rebollo Alfonso Carlos (ESP)"]
[Result "1-0"]
[WhiteElo "2522"]
[BlackElo "2143"]

1.c4 f5 2.g3 Nf6 3.Bg2 g6 4.Nf3 Bg7 5.O-O O-O 6.d4 d6 7.Nc3 Nc6 8.d5 Ne5 9.Qb3
Ned7 10.Qc2 a5 11.Be3 Nc5 12.Rad1 Bd7 13.h3 Rb8 14.Qc1 Qe8 15.Bh6 Qf7 16.Nd4
Bxh6 17.Qxh6 Qg7 18.Qe3 Kh8 19.f4 Rfe8 20.b3 e5 21.dxe6 Nxe6 22.Ndb5 Bc6
23.Qd2 Nh5 24.Kh2 Bxg2 25.Kxg2 Nc5 26.Qd4 Nf6 27.Nxc7 Ne6 28.Nxe8 {#r} 1-0

[Event "It (open)"]
[Site "masterchessopen.com - Polanica Zdroj (Poland)"]
[Round "9"]
[White "Heinrich Alexander (GER)"]
[Black "Kadziolka Andrzej (POL)"]
[Result "1-0"]
[WhiteElo "2143"]
[BlackElo "2079"]

1.d4 f5 2.Nf3 Nf6 3.c4 d6 4.Nc3 g6 5.g3 Bg7 6.Bg2 O-O 7.O-O Nc6 8.d5 Na5 9.Qa4
c5 10.dxc6 Nxc6 11.Rd1 Qb6 12.Be3 Qxb2 13.Rab1 b5 14.Nxb5 Qxe2 15.Rd2 Qxd2
16.Nxd2 Bd7 17.Nc7 Ne5 18.Qb3 Rac8 19.c5+ Kh8 20.cxd6 exd6 {#r} 1-0

[Event "It (open)"]
[Site "masterchessopen.com - Polanica Zdroj (Poland)"]
[Round "6"]
[White "Heinrich Alexander (GER)"]
[Black "Libov Gennady (BLR)"]
[Result "0-1"]
[WhiteElo "2143"]
[BlackElo "2334"]

1.d4 d6 2.Nf3 g6 3.g3 f5 4.Bg2 Bg7 5.O-O Nf6 6.c4 O-O 7.Nc3 Nc6 8.d5 Na5 9.Nd2
c5 10.b3 Nxd5 11.Bxd5+ e6 12.Bb2 exd5 13.cxd5 b5 14.Nf3 b4 15.Na4 Bd7 16.Bxg7
Kxg7 17.Nb2 Qf6 18.Qd2 Rfe8 19.Rac1 h6 20.Nd3 Re4 21.e3 Nb7 22.Qb2 Bb5 23.Rfd1
a5 24.Qxf6+ Kxf6 25.Kg2 a4 26.Nb2 axb3 27.axb3 Ra2 28.Rd2 Na5 29.Nc4 Nxb3
30.Nxd6 Nxc1 {#R} 0-1

[Event "Ch Costa Rica"]
[Site "masterchessopen.com - San Jose (Costa Rica)"]
[Round "13"]
[White "Minero Pineda Sergio (CRC)"]
[Black "Hernandez Basante Francisco (CRC)"]
[Result "1-0"]
[WhiteElo "2396"]
[BlackElo "2282"]

1.Nf3 f5 2.d4 Nf6 3.g3 g6 4.Bg2 Bg7 5.O-O O-O 6.c4 d6 7.Nc3 Nc6 8.d5 Ne5 9.Qb3
h6 10.Nd4 Nh5 11.e3 g5 12.Qd1 Nf6 13.Qc2 Nh5 14.f4 gxf4 15.gxf4 Ng6 16.Qd1 Nf6
17.Bh3 Ng4 18.Nxf5 Nxe3 19.Bxe3 Bxf5 20.Bxf5 Rxf5 21.Qg4 Rf6 22.Ne4 Kh7
23.Nxf6+ Bxf6 24.Rf2 Nh4 25.Kh1 c6 26.Rg1 cxd5 27.cxd5 Qa5 28.Qe6 Rf8 29.Bd4
{#r} 1-0

[Event "Ch Slovakia (team) 2000/01 (1 liga) West"]
[Site "masterchessopen.com - Slovakia"]
[Round "9"]
[White "Kundrik Peter (SVK)"]
[Black "Bronis Marian (SVK)"]
[Result "0-1"]
[WhiteElo "2146"]
[BlackElo "2218"]

1.c4 f5 2.Nc3 Nf6 3.g3 g6 4.Bg2 Bg7 5.Nf3 d6 6.d4 O-O 7.O-O Nc6 8.d5 Ne5
9.Nxe5 dxe5 10.e4 f4 11.b4 g5 12.c5 Qe8 13.a4 Ng4 14.Ra3 Qh5 15.h3 f3 16.Bxf3
Qxh3 17.Bxg4 Bxg4 18.Ne2 Qh5 19.f3 Bxf3 20.Rfxf3 Rxf3 21.Rxf3 Qxf3 22.Bxg5 Rf8
23.a5 Qxe4 24.Qd2 Qf3 25.Be3 Rf5 {#R} 0-1

[Event "It (open)"]
[Site "masterchessopen.com - St-Chely d'Aubrac (France)"]
[Round "1"]
[White "Laine Panu (FIN)"]
[Black "Santo-Roman Marc (FRA)"]
[Result "0-1"]
[WhiteElo "2203"]
[BlackElo "2422"]

1.d4 f5 2.c4 Nf6 3.Nc3 g6 4.g3 Bg7 5.Bg2 O-O 6.Nf3 d6 7.O-O Nc6 8.b3 e5 9.dxe5
dxe5 10.e3 e4 11.Nd4 Ne5 12.Ba3 Re8 13.Qc2 c6 14.Rad1 Qc7 15.Nde2 Qf7 16.Bd6
Nf3+ 17.Kh1 g5 18.Ng1 Qh5 19.h3 Ng4 20.Nce2 Ngh2 21.g4 Nxg4 {#R} 0-1

[Event "Cup Dalmatia (team)"]
[Site "masterchessopen.com - Sv. Filip i Jakov (Croatia)"]
[Round "3"]
[White "Bilobrk Franjo (CRO)"]
[Black "Bogut Zeljko (BIH)"]
[Result "0-1"]
[WhiteElo "2350"]
[BlackElo "2421"]

1.d4 f5 2.g3 Nf6 3.Bg2 g6 4.c4 Bg7 5.Nc3 d6 6.Nf3 O-O 7.O-O Nc6 8.d5 Ne5
9.Nxe5 dxe5 10.e4 f4 11.b3 g5 12.Re1 g4 13.Ba3 f3 14.Bf1 h5 15.c5 h4 16.d6
hxg3 17.hxg3 c6 18.dxe7 Qxe7 19.Qd6 Qe8 20.Bc4+ Kh7 21.Bb2 Qh5 22.Nd1 Nd7
23.Bc1 Rf6 24.Qe7 b5 25.cxb6 Nxb6 26.Bf1 Bd7 27.Nb2 Re8 28.Qc5 Ree6 29.Nd3 Rh6
{#R} 0-1

[Event "Memorial P.Keres (active) (w)"]
[Site "masterchessopen.com - Tallinn (Estonia)"]
[Round "6"]
[White "Tsiganova Monika (EST)"]
[Black "Budylina Sofia (EST)"]
[Result "0-1"]
[WhiteElo "2261"]
[BlackElo "2072"]

1.d4 f5 2.Nf3 Nf6 3.g3 g6 4.Bg2 Bg7 5.O-O O-O 6.c4 d6 7.Nc3 Nc6 8.d5 Ne5
9.Nxe5 dxe5 10.e4 f4 11.gxf4 exf4 12.f3 g5 13.e5 Nd7 14.e6 Ne5 15.Qe2 c6
16.Rd1 Qb6+ 17.Kh1 g4 18.Qe4 Qf2 19.Rf1 Qh4 20.Bd2 Rf6 21.Qxe5 Rxe6 22.Qxg7+
Kxg7 23.dxe6 g3 24.h3 Bxe6 25.Rfe1 Bxh3 26.Rxe7+ Kf8 27.Ne4 Bxg2+ 28.Kxg2 Qh2+
29.Kf1 g2+ 30.Ke2 g1=Q+ 31.Kd3 Rd8+ {#R} 0-1

[Event "Ch Europe (for handicapped persons)"]
[Site "masterchessopen.com - Visla (Poland)"]
[Round "0"]
[White "Medic Miljenko (CRO)"]
[Black "Vinogradov Kirill B (RUS)"]
[Result "1-0"]
[WhiteElo "2278"]
[BlackElo "2313"]

1.d4 f5 2.c4 Nf6 3.g3 g6 4.Bg2 Bg7 5.Nf3 O-O 6.Nc3 d6 7.O-O Nc6 8.d5 Ne5
9.Nxe5 dxe5 10.f4 e4 11.Be3 Ng4 12.Bd4 e5 13.fxe5 Nxe5 14.Rc1 Qe7 15.c5 Rd8
16.Kh1 Ng4 17.Bxg7 Qxg7 18.Qd2 e3 19.Qd3 Qh6 20.h3 f4 21.Qc4 g5 22.gxf4 Nf2+
23.Rxf2 Bxh3 24.Rff1 Qh4 25.Ne4 Rf8 26.Nxg5 Bg4+ 27.Kg1 Rf6 28.d6+ Kg7 29.dxc7
Re8 30.Rcd1 Re7 31.Rd6 {#r} 1-0

[Event "Landesliga Berlin 2000/01"]
[Site "masterchessopen.com - Germany"]
[Date "2001.05.06"]
[Round "9"]
[White "Feldmann Guido (GER)"]
[Black "Knybba Matthias"]
[Result "1-0"]
[WhiteElo "2012"]
[BlackElo "1985"]

1.d4 f5 2.c4 Nf6 3.Nc3 g6 4.g3 Bg7 5.Bg2 O-O 6.Nf3 d6 7.O-O Nc6 8.d5 Ne5
9.Nxe5 dxe5 10.e4 f4 11.b3 g5 12.Bd2 h6 13.Rc1 Qe8 14.Qe2 h5 15.Na4 b6 16.Nb2
Qg6 17.Nd3 Nh7 18.f3 Kf7 19.Bc3 Qd6 20.Qb2 Ke8 21.Bxe5 Bxe5 22.Qxe5 Bd7
23.gxf4 gxf4 24.Qxh5+ {#r} 1-0

[Event "It (open)"]
[Site "masterchessopen.com - St. Ingbert (Germany)"]
[Date "2001.07.22"]
[Round "2"]
[White "Christiani Joerg (GER)"]
[Black "Bock Andreas (GER)"]
[Result "0-1"]
[WhiteElo "1972"]
[BlackElo "2176"]

1.c4 f5 2.g3 Nf6 3.Bg2 g6 4.Nf3 Bg7 5.O-O O-O 6.Nc3 d6 7.d4 Nc6 8.Qc2 e5
9.dxe5 dxe5 10.Rd1 Qe7 11.Bg5 e4 12.Nd4 Nxd4 13.Rxd4 c6 14.Qd2 Be6 15.Rd1 Qf7
16.b3 Ng4 17.Rd8 Raxd8 18.Bxd8 e3 19.fxe3 Bh6 20.Qd3 Bxe3+ 21.Kf1 f4 22.Bf3
Nf2 23.Qd6 fxg3 24.hxg3 Nxd1 25.Ne4 Nf2 26.Nf6+ Kg7 27.Be7 Qxf6 28.Bxf6+ Rxf6
29.Qe7+ Bf7 30.Qxe3 Ng4 31.Qxa7 b5 {#R} 0-1

[Event "It (open) \"]
[Site "masterchessopen.com - Berlin (Germany)"]
[Date "2001.10.19"]
[Round "7"]
[White "Starke Rene-Reiner"]
[Black "Harndt Jan-Michael (GER)"]
[Result "0-1"]
[WhiteElo "1885"]
[BlackElo "2010"]

1.d4 f5 2.Nf3 g6 3.g3 Bg7 4.Bg2 Nf6 5.O-O O-O 6.c4 d6 7.Nc3 Nc6 8.d5 Ne5 9.Nd2
g5 10.b3 f4 11.Bb2 Qe8 12.Nb5 Nfg4 13.Nxc7 Qh5 14.h3 fxg3 15.e3 gxf2+ 16.Kh1
Qh4 17.Ne4 Rf3 18.Nxf2 Nxf2+ 19.Rxf2 Rxf2 20.Bxe5 Bxe5 21.Qg1 Bxh3 22.Qxf2
Qxf2 {#R} 0-1

[Event "It (open)"]
[Site "masterchessopen.com - Biel (Switzerland)"]
[Round "1"]
[White "Joksic Sinisa (SRB)"]
[Black "Cochet Jean-Daniel (SUI)"]
[Result "1-0"]
[WhiteElo "2260"]
[BlackElo "2091"]

1.d4 f5 2.Nf3 Nf6 3.g3 d6 4.Bg2 g6 5.O-O Bg7 6.c4 O-O 7.Nc3 Nc6 8.d5 Ne5
9.Nxe5 dxe5 10.e4 f4 11.gxf4 exf4 12.e5 Ng4 13.e6 Ne5 14.Re1 Nxc4 15.Re4 Nd6
16.Rxf4 Rxf4 17.Bxf4 b6 18.Rc1 a6 19.b3 Bb7 20.Ne2 Rc8 21.Nd4 Qf8 22.Qd2 Bf6
23.Nc6 Bxc6 24.Rxc6 Qd8 25.Qc1 Ne8 26.Qc4 a5 27.Bh3 Nd6 28.Bxd6 {#r} 1-0

[Event "It (open)"]
[Site "masterchessopen.com - Ferrol (Spain)"]
[Round "3"]
[White "Ivanov Jordan (BUL)"]
[Black "Eyo Castro-Rial Alberto (ESP)"]
[Result "1-0"]
[WhiteElo "2446"]
[BlackElo "2094"]

1.d4 f5 2.g3 d6 3.Bg2 Nf6 4.Nf3 g6 5.c4 Bg7 6.O-O O-O 7.Nc3 Nc6 8.d5 Ne5
9.Nxe5 dxe5 10.e4 f4 11.gxf4 exf4 12.e5 Ng4 13.e6 Ne5 14.Qb3 b6 15.Re1 Ba6
16.Re4 f3 17.Bf1 h5 18.Qa3 Bb7 19.Bg5 c5 20.dxc6 Bxc6 21.Bxe7 Qc8 22.Bxf8 Bxf8
23.e7 Bg7 24.Nd5 Qf5 25.Qe3 Re8 26.Re1 Ng4 27.Qf4 Bxb2 28.h3 Bxd5 29.cxd5 Be5
30.Qxf5 Bh2+ 31.Kh1 gxf5 32.Rxg4+ {#r} 1-0

[Event "It \"]
[Site "masterchessopen.com - Frankfurt (Germany)"]
[Round "4"]
[White "Krause Michael (GER)"]
[Black "Schimmer Michael (GER)"]
[Result "1-0"]
[WhiteElo "2111"]
[BlackElo "1887"]

1.Nf3 f5 2.g3 g6 3.Bg2 Nf6 4.O-O Bg7 5.d4 O-O 6.c4 d6 7.Nc3 Nc6 8.d5 Ne5
9.Nxe5 dxe5 10.e4 f4 11.gxf4 exf4 12.Bxf4 Nxe4 13.Nxe4 Rxf4 14.Qd2 Qf8 15.Rad1
Rh4 16.f4 Bh6 17.Ng5 Qf6 18.Qf2 Bxg5 19.fxg5 Qxf2+ 20.Rxf2 Rxc4 21.d6 Bg4
22.Bd5+ Kg7 23.Bxc4 Bxd1 24.Rf7+ Kh8 25.dxe7 Rg8 26.Rxh7+ {#r} 1-0

[Event "It (open) (juniors) (under 14)"]
[Site "masterchessopen.com - Hengelo (Netherlands)"]
[Round "6"]
[White "Batkovskyte Dominyka (LTU)"]
[Black "Gorter Yme (NED)"]
[Result "0-1"]
[WhiteElo "2092"]
[BlackElo "2098"]

1.d4 f5 2.c4 Nf6 3.Nc3 d6 4.g3 g6 5.Bg2 Nc6 6.Nf3 Bg7 7.O-O O-O 8.Re1 Ne4
9.Bf4 e5 10.dxe5 Nxc3 11.bxc3 dxe5 12.Bg5 Qxd1 13.Raxd1 f4 14.gxf4 h6 15.Bh4
exf4 16.e3 Bxc3 17.Re2 g5 18.Rd3 Bg7 19.Nxg5 hxg5 20.Bxg5 f3 21.Red2 fxg2
22.Kxg2 Bf5 23.Rb3 Na5 24.Rb4 Bc3 {#R} 0-1

[Event "It (active) (qual. Cup World)"]
[Site "masterchessopen.com - Internet"]
[Round "8"]
[White "Novik Maxim (RUS)"]
[Black "Bjelajac Milan (SRB)"]
[Result "1-0"]
[WhiteElo "2527"]
[BlackElo "2370"]

1.Nf3 f5 2.c4 Nf6 3.g3 g6 4.Bg2 Bg7 5.O-O O-O 6.Nc3 Nc6 7.d4 d6 8.d5 Na5 9.Qa4
c5 10.dxc6 bxc6 11.c5 dxc5 12.Ne5 Qb6 13.Be3 Rb8 14.Nd3 Nd7 15.Rac1 Bd4
16.Bxd4 cxd4 17.b4 Nb7 18.Qb3+ Kh8 19.Na4 Qd8 20.f4 e5 21.fxe5 Qe7 22.Qb2 c5
23.bxc5 Nd8 24.Qxd4 Ba6 25.c6 Bxd3 26.exd3 Nxe5 27.c7 Rb4 28.Qa1 Nf7 29.c8=Q
{#r} 1-0

[Event "It (cat.4)"]
[Site "masterchessopen.com - Kostrena (Croatia)"]
[Round "11"]
[White "Loncar Robert (CRO)"]
[Black "Topalovic Zlatko (CRO)"]
[Result "1-0"]
[WhiteElo "2439"]
[BlackElo "2311"]

1.d4 d6 2.Nf3 f5 3.g3 Nf6 4.Bg2 g6 5.O-O Bg7 6.c4 Nc6 7.Nc3 O-O 8.d5 Na5 9.Qd3
c5 10.b3 a6 11.Bd2 b5 12.Rae1 b4 13.Nd1 Ne4 14.Bc1 e5 15.dxe6 Bxe6 16.Nd2 Nxd2
17.Qxd2 Rc8 18.Bb2 Nc6 19.Bxg7 Kxg7 20.Ne3 f4 21.Nd5 Bxd5 22.Bxd5 fxg3 23.hxg3
Ne5 24.f4 Ng4 25.Be6 Nh6 26.Bxc8 Qxc8 27.e4 {#r} 1-0

[Event "Ch Poland (team) (juniors)"]
[Site "masterchessopen.com - Laczna (Poland)"]
[Round "6"]
[White "Lagowski Patryk (POL)"]
[Black "Ciolek Marcin (POL)"]
[Result "1-0"]
[WhiteElo "2359"]
[BlackElo "2033"]

1.d4 f5 2.c4 Nf6 3.Nf3 g6 4.g3 Bg7 5.Bg2 d6 6.O-O O-O 7.Nc3 Nc6 8.d5 Ne5
9.Nxe5 dxe5 10.Qb3 Nd7 11.Qa3 f4 12.c5 g5 13.c6 bxc6 14.dxc6 Nb6 15.Rd1 Qe8
16.Nb5 Qh5 17.Nxc7 Bh3 18.Bxh3 Qxh3 19.Qb3+ Kh8 20.Nxa8 e4 21.gxf4 Qg4+ 22.Kf1
gxf4 23.Nxb6 f3 24.exf3 exf3 25.Be3 axb6 26.c7 {#r} 1-0

[Event "Ch Peru (regional)"]
[Site "masterchessopen.com - Lima (Peru)"]
[Round "4"]
[White "Santivanez Montes Mario (PER)"]
[Black "Soto Jorge (PER)"]
[Result "0-1"]
[WhiteElo "2235"]
[BlackElo "2374"]

1.Nf3 f5 2.c4 Nf6 3.Nc3 g6 4.g3 Bg7 5.Bg2 O-O 6.O-O d6 7.d4 Nc6 8.Be3 h6 9.Nd5
Ng4 10.Bc1 e6 11.Nc3 e5 12.dxe5 dxe5 13.Qxd8 Rxd8 14.e4 Nf6 15.Nh4 Kh7 16.exf5
g5 17.Nf3 Bxf5 18.Ne1 Rd7 19.Bxc6 bxc6 20.f3 Rb8 21.Rf2 Rb4 22.Be3 Rxc4
23.Bxa7 Nd5 24.Nxd5 cxd5 25.Be3 d4 26.Bd2 g4 27.fxg4 Bxg4 28.b3 Rc6 29.Ng2 Rc2
30.Re1 Rxa2 31.Nh4 d3 {#R} 0-1

[Event "Ch Euskadi"]
[Site "masterchessopen.com - Moraba (Brazil)"]
[Round "1"]
[White "Gomez Esteban Juan Mario (ESP)"]
[Black "Agirretxe San Sebastian J (ESP)"]
[Result "1-0"]
[WhiteElo "2495"]
[BlackElo "2154"]

1.d4 f5 2.g3 Nf6 3.Bg2 g6 4.Nf3 Bg7 5.O-O O-O 6.c4 d6 7.Nc3 Nc6 8.d5 Ne5
9.Nxe5 dxe5 10.Qb3 Kh8 11.Rd1 h6 12.c5 g5 13.Bd2 a6 14.Na4 f4 15.Ba5 e4 16.d6
exd6 17.cxd6 Qe8 18.dxc7 Qh5 19.Rd8 e3 20.f3 Bh3 21.Qxb7 fxg3 22.hxg3 Bxg2
23.Kxg2 g4 24.Rh1 Qb5 25.Qxb5 axb5 26.Rxa8 {#r} 1-0

[Event "It (open)"]
[Site "masterchessopen.com - Nova Gorica (Slovenia)"]
[Round "3"]
[White "Kukovec Borut (SLO)"]
[Black "Grosar Vojko (SLO)"]
[Result "1-0"]
[WhiteElo "2179"]
[BlackElo "2002"]

1.Nf3 f5 2.g3 Nf6 3.Bg2 g6 4.O-O Bg7 5.d4 d6 6.c4 O-O 7.Nc3 Nc6 8.d5 Ne5
9.Nxe5 dxe5 10.Qb3 Kh8 11.Rd1 Qe8 12.c5 Nd7 13.c6 Nc5 14.cxb7 Nxb3 15.bxa8=Q
Nxa1 16.Qxa7 Nc2 17.Qxc7 Nd4 18.Bg5 e6 19.d6 Rf7 20.Be7 Bf8 21.e3 Bxe7 22.dxe7
f4 {#r} 1-0

[Event "It (open)"]
[Site "masterchessopen.com - Velika Gorica (Croatia)"]
[Round "3"]
[White "Soldo Robert (CRO)"]
[Black "Sliepcevic Mladen (CRO)"]
[Result "1-0"]
[WhiteElo "2188"]
[BlackElo "2245"]

1.d4 f5 2.g3 Nf6 3.Bg2 d6 4.Nf3 g6 5.c4 Bg7 6.O-O O-O 7.Nc3 Nc6 8.d5 Na5 9.Qd3
c5 10.Rb1 a6 11.Ng5 h6 12.Ne6 Bxe6 13.dxe6 Nc6 14.f4 Qc8 15.Nd5 Nb4 16.Nxe7+
Kh7 17.Nxc8 Nxd3 18.Nxd6 Nxc1 19.Rbxc1 {#r} 1-0

[Event "It (open)"]
[Site "masterchessopen.com - Villa Martelli (Argentina)"]
[Round "3"]
[White "Valerga Diego (ARG)"]
[Black "Claverie Raul (ARG)"]
[Result "1-0"]
[WhiteElo "2483"]
[BlackElo "2301"]

1.g3 f5 2.Bg2 Nf6 3.Nf3 g6 4.O-O Bg7 5.d4 O-O 6.c4 d6 7.Nc3 Nc6 8.d5 Ne5
9.Nxe5 dxe5 10.Qb3 Kh8 11.Rd1 h6 12.Bd2 g5 13.c5 a6 14.Na4 e4 15.Ba5 Ne8
16.Rac1 Rf6 17.Qa3 Rb8 18.Bc3 Rg6 19.Bxg7+ Nxg7 20.b4 Qe8 21.Nb2 c6 22.dxc6
Rxc6 23.f3 exf3 24.Bxf3 Rf6 25.Nc4 e5 26.Qc3 Re6 27.e4 fxe4 28.Bxe4 Re7 29.Rd6
Re6 30.Rf1 Qe7 31.Nxe5 Rxe5 32.Qxe5 {#r} 1-0

[Event "It (open)"]
[Site "masterchessopen.com - Nyiregyhaza (Hungary)"]
[Date "2002.07.03"]
[Round "5"]
[White "Szeberenyi Adam (HUN)"]
[Black "Radics Laszlo (HUN)"]
[Result "0-1"]
[WhiteElo "2392"]
[BlackElo "2066"]

1.d4 f5 2.Nf3 Nf6 3.g3 g6 4.Bg2 Bg7 5.O-O O-O 6.c4 d6 7.Nc3 Nc6 8.d5 Ne5
9.Nxe5 dxe5 10.Qb3 Rb8 11.Rd1 Bd7 12.c5 Kh8 13.Qa3 a6 14.Bd2 Qe8 15.Be1 f4
16.Qa5 Qc8 17.d6 exd6 18.cxd6 cxd6 19.Rxd6 fxg3 20.hxg3 Ng4 21.Rad1 Bc6 22.Bh3
Qf5 23.f3 h5 24.Bd2 b6 25.Qb4 a5 26.Qb3 Bxf3 27.Rf1 e4 28.Rd5 Bd4+ 29.Rxd4 Qe5
30.Rxf3 Rxf3 31.exf3 Qxg3+ 32.Bg2 exf3 {#R} 0-1

[Event "It (open)"]
[Site "masterchessopen.com - Eger (Hungary)"]
[Date "2002.08.08"]
[Round "5"]
[White "Olear Laszlo (HUN)"]
[Black "Domany Mihaly (HUN)"]
[Result "1-0"]
[WhiteElo "2123"]
[BlackElo "2217"]

1.d4 f5 2.g3 Nf6 3.Bg2 g6 4.Nf3 Bg7 5.O-O O-O 6.c4 d6 7.Nc3 Nc6 8.d5 Ne5
9.Nxe5 dxe5 10.e4 f4 11.gxf4 Nh5 12.f5 Nf4 13.Bxf4 exf4 14.fxg6 hxg6 15.Qf3
Qd6 16.Rac1 Be5 17.Qe2 f3 18.Bxf3 Rf4 19.Kg2 Qd7 20.Kg1 Qh3 21.Bg2 Qh8 22.f3
Bd4+ 23.Rf2 Rh4 24.Nb5 Bxf2+ 25.Qxf2 Qf6 26.Nxc7 Qf4 27.Rc2 Qxh2+ 28.Kf1 Bh3
29.Nxa8 {#r} 1-0

[Event "Landesliga South 2002/03"]
[Site "masterchessopen.com - Germany"]
[Date "2002.11.17"]
[Round "2"]
[White "Taggatz Mario (GER)"]
[Black "Joerg Harald Dr (GER)"]
[Result "1-0"]
[WhiteElo "2230"]
[BlackElo "2340"]

1.d4 f5 2.g3 Nf6 3.Bg2 g6 4.Nf3 Bg7 5.c4 O-O 6.O-O d6 7.Nc3 Nc6 8.d5 Ne5
9.Nxe5 dxe5 10.Qb3 h6 11.Rd1 Kh8 12.c5 g5 13.Bd2 a6 14.Rac1 Qe8 15.Na4 Qg6
16.Ba5 Ne8 17.d6 exd6 18.cxd6 Nxd6 19.Bxc7 Nb5 20.Nb6 Be6 21.Bd5 Rae8 22.e3
Qf7 23.Bxe6 Qxe6 24.Qxe6 Rxe6 25.Rd7 e4 26.Rc2 Rc6 27.Rxc6 bxc6 28.Nc4 Re8
29.Bb6 Kg8 30.a4 Re6 31.Bc5 {#r} 1-0

[Event "Staatsliga 2002/03"]
[Site "masterchessopen.com - Austria"]
[Round "7"]
[White "Ferrari Josef (AUT)"]
[Black "Moser Guenter (AUT)"]
[Result "0-1"]
[WhiteElo "2211"]
[BlackElo "2359"]

{ Moser Guenter (AUT) +2 =4 -2 } 1.c4 f5 2.d4 Nf6 3.g3 g6 4.Bg2 Bg7 5.Nc3 O-O
6.Nf3 d6 7.O-O Nc6 8.d5 Ne5 9.Nxe5 dxe5 10.e4 { = } 10...e6 ( 10...f4 11.Qe2 (
11.gxf4 exf4 12.e5 Nd7 13.e6 Ne5 14.Re1 Nxc4 15.Re4 Nd6 16.Rxf4 b6 17.Qa4 Bb7
{ 1/2-1/2, Tunik Gennady 2460 - Najer Evgeniy 2599 , Toljatti 2001 Cup Russia
(open) } ) 11...g5 12.f3 fxg3 13.hxg3 Nh5 14.Kh2 Qe8 15.Nd1 Qg6 16.Nf2 a5
17.Bd2 Ra6 18.Bh3 Bxh3 19.Nxh3 e6 20.Rac1 h6 21.Nf2 Nf6 22.Bc3 Nd7 23.Nd3 Re8
24.b3 Raa8 25.a3 b6 26.Kg2 Re7 27.Qb2 g4 28.Qe2 gxf3+ 29.Rxf3 Rae8 30.Rcf1 {
...0-1, Wersching Alfred 2100 - Moser Guenter 2355 , Werfen 1998 Ch Austria }
) 11.Bg5 h6 12.Be3 { +0.21 CAP } ( 12.Bxf6 Qxf6 13.c5 f4 14.f3 h5 { 1/2-1/2,
Szabo Zsolt 2355 - Mathe Gaspar 2400 , Hungary 1995 Ch Hungary (team) 1995/96
} ) 12...f4 { N } ( 12...exd5 13.cxd5 Ne8 14.f4 exf4 15.Bxf4 fxe4 16.Bxe4 Bf5
17.Bxf5 Rxf5 18.Qe2 Bd4+ 19.Be3 Re5 20.Rf3 Ng7 21.d6 Rxe3 22.Rxe3 Nf5 23.Nd5
Qxd6 24.Qc4 Kh7 25.Rd1 Nxe3 26.Qxd4 Nxd1 { 0-1, Sicilia - Puig Pulido Pedro,
Madrid 1959 It } ) ( 12...Qe7 13.Qc1 g5 14.f3 f4 15.Bf2 h5 16.c5 exd5 17.exd5
Bf5 18.Re1 Rae8 19.gxf4 gxf4 20.Qd2 Qd7 21.Rad1 Bh6 22.Kh1 Kh7 23.Qe2 Rg8
24.Qb5 Qc8 25.c6 Bh3 26.Rg1 Bxg2+ 27.Rxg2 Qh3 28.Rdg1 Qxf3 29.cxb7 Rxg2
30.Rxg2 Rg8 31.Qf1 Rb8 32.Qb1+ { ...0-1, Kalagashvili Pridon 2236 - Grigorian
Z, Tbilisi 1997 Ch Georgia } ) 13.gxf4 { } ( 13.Bc5 { !? } 13...Re8 14.Ba3
exd5 15.cxd5 { } ) 13...Nh5 { } ( 13...exf4 { !? } 14.Bc5 Rf7 15.e5 Nh7 { } )
14.f5 { ? } ( 14.fxe5 { !? } 14...Bxe5 15.Ne2 Qh4 16.f4 { } ) 14...exf5
15.exf5 Bxf5 16.Ne4 Nf4 17.Bxf4 exf4 18.Qb3 Qh4 19.f3 { } ( 19.Rae1 { !? }
19...Rae8 20.d6 Bxe4 21.Bxe4 { } ) 19...Kh8 20.Rad1 b6 21.Qc2 Rae8 22.Qf2 Qh5
23.b4 g5 24.c5 { } ( 24.d6 { !? } 24...Bxe4 25.d7 Rd8 26.fxe4 { } ) 24...Bxe4
25.fxe4 f3 26.Bh1 Rf4 27.Bxf3 g4 28.d6 Rxf3 29.Qg2 bxc5 30.dxc7 Bd4+ 31.Kh1
Be5 { } {#R} 0-1

[Event "Ch World (seniors)"]
[Site "masterchessopen.com - Bad Zwischenahn (Germany)"]
[Round "8"]
[White "Adibekian Roubik Dr (GER)"]
[Black "Joksic Sinisa (SRB)"]
[Result "1-0"]
[WhiteElo "2234"]
[BlackElo "2309"]

1.d4 g6 2.Nf3 Bg7 3.g3 f5 4.Bg2 Nf6 5.O-O O-O 6.c4 d6 7.Nc3 Nc6 8.d5 Na5 9.Qd3
c5 10.b3 a6 11.Bb2 Rb8 12.Ng5 Ng4 13.Ne6 Bxe6 14.dxe6 b5 15.cxb5 axb5 16.Qd2
Nf6 17.Rfe1 b4 18.Nd5 c4 19.Nxf6+ Bxf6 20.Bxf6 Rxf6 21.bxc4 Nxc4 22.Qd4 Na3
23.Rac1 Qa5 24.Rc6 Nb5 25.Qb2 Rff8 26.Rec1 Nc3 27.a3 Qb5 28.Kf1 d5 29.Rc7 Qa5
30.Rxe7 bxa3 31.Qd2 f4 32.Qd4 {#r} 1-0

[Event "Ch Europe (team) (juniors) (under 18) (g)"]
[Site "masterchessopen.com - Balatonlelle (Hungary)"]
[Round "6"]
[White "Vasic Milena (SRB)"]
[Black "Topel Zehra (TUR)"]
[Result "1-0"]
[WhiteElo "2196"]
[BlackElo "2062"]

1.d4 f5 2.g3 Nf6 3.Bg2 g6 4.Nf3 Bg7 5.O-O d6 6.c4 O-O 7.Nc3 Nc6 8.d5 Na5 9.Qa4
c5 10.dxc6 Nxc6 11.a3 Kh8 12.Qc2 Be6 13.b3 Bg8 14.Bb2 Qb6 15.Rad1 Rac8 16.e3
a6 17.Rfe1 Na5 18.Nd2 Qc7 19.Qb1 Rb8 20.e4 fxe4 21.Ncxe4 b5 22.Nxf6 Bxf6
23.cxb5 axb5 24.Ne4 Bxb3 25.Rxd6 Rb6 26.Nxf6 exf6 27.Rxb6 Qxb6 28.Bc3 Bc4
29.Qb4 {#r} 1-0